000 00555nam a2200205 i 4500
001 C2-0169839
003 PPAK
005 20180729133420.0
008 980804s1990 my a|||| ||||| | may d
040 _aPPAK
_beng
_cPPAK
_erda
082 0 4 _a306.8
_2 23
090 0 0 _a306.8
_bUMM
_dR
245 0 0 _aUmmi
264 1 _aShah Alam, Selangor :
_bUmmah Media Sdn Bhd ,
_c1990
300 _avarious pages :
_bcolour illustrations ;
_c29 cm
336 _2rdacontent
_atext
337 _2rdamedia
_aunmediated
338 _2rdacarrier
_avolume
942 _ddc
_cB
999 _c153703
_d153703